[Event "ESTCC U50 2018"]
[Site "Walbrzych"]
[Date "2018.04.14"]
[Round "1"]
[White "Ograbek, Grzegorz"]
[Black "Godena, Michele"]
[Result "1/2-1/2"]
[WhiteElo "2140"]
[BlackElo "2507"]
[Annotator "TA"]
[PlyCount "111"]
[EventDate "2018.??.??"]
[EventCountry "POL"]
[SourceTitle "playchess.com"]
[Source "ChessBase"]
[SourceQuality "1"]
[WhiteTeam "Poland"]
[BlackTeam "Italy"]
[WhiteTeamCountry "POL"]
[BlackTeamCountry "ITA"]

{[%evp 12,111,59,38,38,39,47,30,26,8,10,10,12,10,0,2,17,-1,10,14,27,-9,-6,0,-3,-10,-8,-11,0,-16,-5,-19,0,0,-10,-17,-8,-14,0,-8,-9,-62,-58,-70,-54,-62,-69,-52,-56,-94,-79,-79,-79,-97,-45,-114,-50,-91,-72,-106,-41,-88,-67,-73,-32,-29,-6,-6,-8,-11,-10,-8,-8,-54,0,0,0,0,0,0,0,0,0,0,0,0,0,0,12,13,19,20,33,0,64,59,228,24,100,81,101,132]} 1. Nf3 d5 2. g3 Nc6 3. d4 Bf5 4. Bg2 Nb4 5. Na3 c6 (5... e6 6. O-O h6 7. Ne5 Bd6 8. c3 Bxe5 9. dxe5 Nc6 10. c4 Nge7 11. cxd5 exd5 12. Nb5 O-O 13. Nd4 Nxd4 14. Qxd4 {0-1 (54) Vachier Lagrave,M (2789)-Bosiocic,M (2624) Riadh 2017}) 6. c3 {D02: 1 d4 d5 2 Nf3 sidelines, including 2...Nf6 3 g3 and 2...Nf6 3 Bf4} Na6 7. Qb3 {LiveBook: 3 Games} Qb6 8. O-O {White is slightly better.} h6 9. Ne5 $146 ({Predecessor:} 9. Bf4 e6 10. Nd2 Nf6 11. Rfe1 Be7 12. e4 Bh7 13. h3 {0-1 (41) Kaabi,M (2330)-Miladinovic,I (2572) Monastir 2013}) 9... Nf6 10. Be3 e6 11. f3 Be7 12. Bf2 O-O 13. Rfe1 Qc7 14. Nd3 c5 {aiming for ...c4.} 15. Nb5 Qb6 {Strongly threatening ...c4.} 16. dxc5 Nxc5 17. Nxc5 Bxc5 18. Nd4 Bg6 19. Qxb6 Bxb6 20. Rad1 Rac8 21. Bf1 Nd7 22. Nb3 Rfd8 23. Kg2 Kf8 24. Bd4 e5 25. Bxb6 Nxb6 26. e3 (26. Na5 $11) 26... Nc4 $36 {[%mdl 2048] Black is more active.} 27. Bxc4 dxc4 28. Nc1 Bc2 29. Rxd8+ Rxd8 {[%mdl 4096] Endgame KRB-KRN} 30. Re2 Bd1 31. Rf2 Ke7 32. e4 Ke6 (32... h5 $17) 33. Ne2 (33. b3 $15) 33... Ba4 (33... h5 $17 34. f4 f6) 34. Ng1 Rd3 35. Re2 Rd1 (35... h5 $17) 36. Kf2 Ra1 37. a3 Rb1 38. Rd2 f5 39. exf5+ Kxf5 40. g4+ Kg5 41. Re2 Kf6 42. h4 e4 (42... Rd1 $15) 43. Rxe4 $11 Rxb2+ 44. Ke3 b5 45. Ne2 Rb3 46. Kd4 Rxa3 47. Nf4 Kf7 48. Nd5 a5 49. Re7+ Kg8 50. g5 {Black must now prevent g6.} hxg5 51. hxg5 Bc2 52. Rb7 {[%mdl 1024] [#] White has compensation.} Rb3 (52... b4 $1 $11 {[%mdl 512]}) 53. f4 $14 {Hoping for f5!} Kh7 $2 {[#]} ({Black should try} 53... Rb1 $14) 54. Ke5 $2 ({White has to play} 54. Ne3 $1 $18) 54... Rb1 {[#]} (54... Kg6 $1 $11) 55. Ne3 $1 $16 {[%cal Re3c2]} Re1 56. Kd4 {Precision: White = 48%, Black = 32%.} 1/2-1/2

[Event "ESTCC U50 2018"]
[Site "Walbrzych"]
[Date "2018.04.14"]
[Round "1"]
[White "Laszewicz, Pawel"]
[Black "Tuomala, Timo"]
[Result "1/2-1/2"]
[WhiteElo "2110"]
[BlackElo "2197"]
[Annotator "NA"]
[PlyCount "121"]
[EventDate "2018.??.??"]
[EventCountry "POL"]
[SourceTitle "playchess.com"]
[Source "ChessBase"]
[SourceQuality "1"]
[WhiteTeam "Poland"]
[BlackTeam "Finland"]
[WhiteTeamCountry "POL"]
[BlackTeamCountry "FIN"]
[TimeControl "40/5400+30:1800+30"]

1. e4 {[%emt 0:05:38]} c5 {[%emt 0:00:12]} 2. Nf3 {[%emt 0:00:07]} a6 {[%emt 0:00:04]} 3. c4 {[%emt 0:00:41]} d6 {[%emt 0:02:04]} 4. d4 {[%emt 0:00:43]} cxd4 {[%emt 0:00:05]} 5. Nxd4 {[%emt 0:00:24]} Nf6 {[%emt 0:00:09]} 6. Nc3 {[%emt 0:00:43]} e6 {[%emt 0:00:57]} 7. Be2 {[%emt 0:01:56]} Be7 {[%emt 0:00:23]} 8. O-O {[%emt 0:01:43]} Qc7 {[%emt 0:03:50]} 9. Be3 {[%emt 0:02:33]} b6 {[%emt 0:02:58]} 10. Rc1 {[%emt 0:04:16]} O-O {[%emt 0:00:54]} 11. f4 {[%emt 0:13:23]} Bb7 {[%emt 0:08:57]} 12. Bf3 {[%emt 0:00:24]} Nbd7 {[%emt 0:01:42]} 13. Re1 {[%emt 0:04:20] B41: Sicilian: Kan Variation: 5 c4} (13. g4 Nc5 14. Qc2 a5 15. g5 Nfd7 16. h4 Rae8 17. a3 Qb8 18. b4 axb4 19. axb4 e5 20. Nf5 exf4 21. Bxf4 {0-1 (41) Kirk,E (2324)-Dragun,K (2614) Teplice 2017}) 13... Nc5 $146 {[%emt 0:08:36]} ({Predecessor:} 13... Rfd8 14. Nd5 exd5 15. cxd5 Qb8 16. Nc6 Bxc6 17. dxc6 Ra7 18. cxd7 Raxd7 19. Rc6 Rb7 20. Qb3 b5 21. Rxa6 Nd7 {½-½ (21) Holland,A (1591)-Hoerath,M (1789) Nürnberg 2014}) 14. Bf2 {[%emt 0:02:45]} Rac8 {[%emt 0:17:37]} 15. f5 {[%emt 0:21:01]} e5 {[%emt 0:04:25]} 16. Nc2 {[%emt 0:00:42]} b5 {[%emt 0:01:45]} 17. cxb5 {[%emt 0:03:32]} axb5 {[%emt 0:00:51]} 18. Nb4 {[%emt 0:04:24]} Qa5 {[%emt 0:04:22]} 19. a3 {[%emt 0:00:14]} Na4 {[%emt 0:00:43]} 20. Nxa4 {[%emt 0:04:59]} bxa4 {[%emt 0:00:10]} 21. Qd3 {[%emt 0:01:41]} Rc7 {[%emt 0:06:50]} 22. Rxc7 {[%emt 0:11:23]} Qxc7 {[%emt 0:00:05]} 23. Qb5 {[%emt 0:00:30]} Ra8 {[%emt 0:04:19]} 24. Bb6 {[%emt 0:01:48]} Qd7 {[%emt 0:00:05]} 25. Qd3 {[%emt 0:02:44]} Rc8 {[%emt 0:03:36]} 26. Rd1 {[%emt 0:01:40]} Bc6 {[%emt 0:03:26]} 27. Rc1 {[%emt 0:02:17]} Qb7 {[%emt 0:00:33]} 28. Qa6 {[%emt 0:02:15]} Qxa6 {[%emt 0:02:56]} 29. Nxa6 $11 {[%emt 0:00:02]} Bb7 {[%emt 0:00:30]} 30. Rxc8+ {[%emt 0:01:09]} Bxc8 {[%emt 0:00:04]} 31. Nb4 {[%emt 0:00:19]} Bb7 {[%emt 0:00:47]} 32. Nd5 {[%emt 0:01:07]} Nxd5 {[%emt 0:17:04]} 33. exd5 {[%emt 0:00:06]} Kf8 {[%emt 0:00:05]} 34. Kf2 {[%emt 0:01:07]} Bg5 {[%emt 0:00:09]} 35. Ba5 {[%emt 0:02:01]} Ke7 {[%emt 0:02:27]} 36. Bd1 {[%emt 0:01:28]} Bc1 {[%emt 0:00:35]} 37. Bc3 {[%emt 0:00:14]} Bxd5 {[%emt 0:00:06]} 38. Bxa4 {[%emt 0:00:19]} Be4 {[%emt 0:00:08]} 39. g4 {[%emt 0:00:24]} h5 {[%emt 0:02:13]} 40. h3 {[%emt 0:00:00]} hxg4 {[%emt 0:00:47]} 41. hxg4 {[%emt 0:01:55]} Kf6 {[%emt 0:00:15]} 42. Bd7 {[%emt 0:06:11]} Bb7 {[%emt 0:03:16]} 43. Ke2 {[%emt 0:05:32]} d5 {[%emt 0:00:39]} 44. Kd1 {[%emt 0:00:20]} Bf4 {[%emt 0:00:32]} 45. Bd2 {[%emt 0:00:23]} Kg5 {[%emt 0:01:02]} 46. b4 {[%emt 0:00:40]} d4 {[%emt 0:01:09]} 47. b5 {[%emt 0:02:01]} Bf3+ {[%emt 0:00:12]} 48. Ke1 {[%emt 0:01:20]} e4 {[%emt 0:01:29]} 49. Bxf4+ {[%emt 0:12:10]} Kxf4 {[%emt 0:00:20]} 50. b6 {[%emt 0:00:56]} e3 {[%emt 0:09:02]} 51. Bb5 {[%emt 0:00:59]} Ke5 {[%emt 0:13:34]} 52. a4 {[%emt 0:00:47]} Kd6 {[%emt 0:00:08]} 53. a5 {[%emt 0:02:54]} Kc5 {[%emt 0:00:13]} 54. Bd3 {[%emt 0:00:36]} Kc6 {[%emt 0:01:17]} 55. g5 {[%emt 0:00:39]} f6 {[%emt 0:00:37]} 56. gxf6 {[%emt 0:01:04]} gxf6 {[%emt 0:00:04]} 57. Kf1 {[%emt 0:00:23]} Kc5 {[%emt 0:01:51]} 58. Kg1 {[%emt 0:01:22]} Kc6 {[%emt 0:00:46]} 59. Kf1 {[%emt 0:00:48]} Kc5 {[%emt 0:00:46]} 60. Ke1 {[%emt 0:00:50]} Kc6 {[%emt 0:00:24]} 61. Kf1 {[%emt 0:00:55]} 1/2-1/2

[Event "ESTCC U50 2018"]
[Site "Walbrzych"]
[Date "2018.04.14"]
[Round "1"]
[White "Wagner-Michel, Annett"]
[Black "Germann, Martin"]
[Result "1/2-1/2"]
[WhiteElo "2104"]
[BlackElo "1755"]
[Annotator "NA"]
[PlyCount "92"]
[EventDate "2018.??.??"]
[EventCountry "POL"]
[SourceTitle "playchess.com"]
[Source "ChessBase"]
[SourceQuality "1"]
[WhiteTeam "Germany"]
[BlackTeam "Switzerland"]
[WhiteTeamCountry "GER"]
[BlackTeamCountry "SUI"]
[TimeControl "40/5400+30:1800+30"]

1. e4 e6 2. d4 d5 3. exd5 exd5 4. Bd3 Bd6 5. Ne2 Bg4 6. Nbc3 {C01: French: Exchange Variation} (6. c3 Nf6 7. Bg5 Nbd7 8. O-O O-O 9. Nd2 Re8 10. Re1 c5 11. dxc5 Bxc5 12. Bh4 Qb6 13. Nb3 Bd6 {½-½ (21) Dvorak,T (2331)-Laznicka,V (2429) Czechia 2004}) 6... Ne7 7. h3 $146 ({Predecessor:} 7. f3 Bh5 8. Bg5 f6 9. Be3 Nbc6 10. Qd2 Qd7 11. O-O-O O-O-O 12. Bf4 g5 13. Bxd6 Qxd6 {½-½ (35) Skrabakova,K (1991)-Srna,J (1984) Slovakia 2013}) 7... Bh5 8. f4 Bg6 9. O-O Bxd3 10. Qxd3 c6 11. f5 Nd7 12. Bg5 Nf6 13. Rae1 Qc7 14. Nf4 O-O-O 15. Bxf6 gxf6 16. Nh5 Rhg8 17. Nxf6 Rg3 18. Re3 h6 19. Rxg3 Bxg3 20. Ne2 Bd6 21. Kh1 c5 22. dxc5 Qxc5 23. c3 Bc7 24. Qd4 Qd6 25. g3 Bb6 (25... Qa6 $5 26. Re1 $8 (26. Rf2 $2 Bb6 $19) 26... Nxf5 $15) 26. Qh4 Qe5 27. Nd4 Nc6 28. Rd1 Nxd4 ({Black should try} 28... Rh8 $17 29. Nh5 Nxd4 30. cxd4 Qxf5) 29. cxd4 Qe2 30. Rc1+ Kb8 31. Qf4+ Ka8 32. Nxd5 Qxb2 $14 33. Nc7+ Bxc7 34. Qxc7 Rb8 35. d5 Qxa2 36. Qc5 Qe2 37. d6 Qf3+ 38. Kh2 Qe2+ 39. Kg1 Qf3 40. Qf2 Qd5 41. Ra1 a6 42. Qb6 Rg8 43. Ra3 Qd1+ 44. Kg2 Qd2+ 45. Kf3 Qd1+ 46. Kf4 Qc1+ 1/2-1/2

[Event "ESTCC U50 2018"]
[Site "Walbrzych"]
[Date "2018.04.14"]
[Round "1"]
[White "Lembidakis, Michael"]
[Black "Scowen, Roger S"]
[Result "0-1"]
[WhiteElo "2069"]
[BlackElo "1882"]
[Annotator "NA"]
[PlyCount "37"]
[EventDate "2018.??.??"]
[EventCountry "POL"]
[SourceTitle "playchess.com"]
[Source "ChessBase"]
[SourceQuality "1"]
[WhiteTeam "FIN"]
[BlackTeam "ENG"]
[WhiteTeamCountry "SCO"]
[BlackTeamCountry "ENG"]
[TimeControl "40/5400+30:1800+30"]

1. e4 {[%emt 0:00:00]} e6 {[%emt 0:00:14]} 2. d4 {[%emt 0:00:00]} d5 {[%emt 0:00:02]} 3. e5 {[%emt 0:00:40]} c5 {[%emt 0:00:13]} 4. Nf3 {[%emt 0:00:55]} Nc6 {[%emt 0:00:11]} 5. Bg5 {[%emt 0:01:27]} Qb6 {[%emt 0:01:14]} 6. b3 {[%emt 0:02:14]} cxd4 {[%emt 0:00:55]} 7. Bd3 {[%emt 0:01:57]} Bb4+ {[%emt 0:04:34]} 8. Bd2 {[%emt 0:00:31]} Nge7 {[%emt 0:05:51]} 9. O-O {[%emt 0:01:31]} Ng6 {[%emt 0:09:05]} 10. Re1 {[%emt 0:01:10]} Bd7 {[%emt 0:10:08]} 11. c3 {[%emt 0:01:29]} dxc3 {[%emt 0:00:31]} 12. Nxc3 {[%emt 0:00:27]} a6 {[%emt 0:07:52]} 13. Na4 {[%emt 0:02:38]} Qa5 {[%emt 0:02:02]} 14. Rc1 {[%emt 0:01:24]} Bxd2 {[%emt 0:02:15]} 15. Nxd2 {[%emt 0:00:41]} Ncxe5 {[%emt 0:02:09]} 16. Rc5 {[%emt 0:05:45]} Qb4 {[%emt 0:03:11]} 17. Bxg6 {[%emt 0:07:55]} Nxg6 {[%emt 0:20:43]} 18. Rxd5 {[%emt 0:00:30]} Bc6 {[%emt 0:00:39]} 19. Rg5 {[%emt 0:11:19]} 0-1

[Event "ESTCC U50 2018"]
[Site "Walbrzych"]
[Date "2018.04.14"]
[Round "1"]
[White "Lopez de Turiso, Jose Angel"]
[Black "Sirotkina, Nina"]
[Result "0-1"]
[WhiteElo "2064"]
[BlackElo "2175"]
[Annotator "NA"]
[PlyCount "52"]
[EventDate "2018.??.??"]
[EventCountry "POL"]
[SourceTitle "playchess.com"]
[Source "ChessBase"]
[SourceQuality "1"]
[WhiteTeam "Spain"]
[BlackTeam "Russia"]
[WhiteTeamCountry "ESP"]
[BlackTeamCountry "RUS"]
[TimeControl "40/5400+30:1800+30"]

1. e4 {[%emt 0:00:00]} d5 {[%emt 0:01:33]} 2. exd5 {[%emt 0:00:00]} Qxd5 {[%emt 0:00:10]} 3. Nf3 {[%emt 0:00:03]} Nf6 {[%emt 0:04:46]} 4. d4 {[%emt 0:01:39]} Bg4 {[%emt 0:07:17]} 5. Be2 {[%emt 0:01:02]} c6 {[%emt 0:00:52]} 6. O-O {[%emt 0:04:22]} e6 {[%emt 0:02:22]} 7. c4 {[%emt 0:01:15]} Qd6 {[%emt 0:11:28]} 8. Nc3 {[%emt 0:00:55]} Be7 {[%emt 0:01:48]} 9. Be3 {[%emt 0:08:59]} Nbd7 {[%emt 0:16:49]} 10. a3 {[%emt 0:04:13]} O-O {[%emt 0:05:10]} 11. b4 {[%emt 0:07:21]} Qc7 {[%emt 0:04:56]} 12. Qb3 {[%emt 0:02:34]} e5 {[%emt 0:10:05]} 13. d5 {[%emt 0:10:50]} cxd5 {[%emt 0:04:11]} 14. cxd5 {[%emt 0:02:38]} e4 {[%emt 0:01:07]} 15. Nd4 {[%emt 0:03:44]} Qe5 {[%emt 0:01:18]} 16. g3 {[%emt 0:11:10]} Qh5 {[%emt 0:02:58]} 17. f3 {[%emt 0:04:40]} exf3 {[%emt 0:01:22]} 18. Bxf3 {[%emt 0:00:07]} Bxf3 {[%emt 0:01:56]} 19. Nxf3 {[%emt 0:01:00]} Ng4 {[%emt 0:01:41]} 20. Bd4 {[%emt 0:02:01]} Bf6 {[%emt 0:00:55]} 21. Rad1 {[%emt 0:04:09]} Rfe8 {[%emt 0:04:59]} 22. Qa2 {[%emt 0:04:59]} Ne3 {[%emt 0:02:05]} 23. Bxf6 {[%emt 0:06:34]} Nxf6 {[%emt 0:01:27]} 24. Nd4 {[%emt 0:02:26]} Nxd1 {[%emt 0:02:00]} 25. Rxd1 {[%emt 0:00:30]} Re3 {[%emt 0:00:37]} 26. Qd2 {[%emt 0:03:48]} Rxc3 {[%emt 0:02:16]} 0-1

[Event "ESTCC U50 2018"]
[Site "Walbrzych"]
[Date "2018.04.14"]
[Round "1"]
[White "Van Herck, Marcel"]
[Black "Aird, Ian"]
[Result "1/2-1/2"]
[WhiteElo "2061"]
[BlackElo "1785"]
[Annotator "NA"]
[PlyCount "60"]
[EventDate "2018.??.??"]
[EventCountry "POL"]
[SourceTitle "playchess.com"]
[Source "ChessBase"]
[SourceQuality "1"]
[WhiteTeam "Belgium"]
[BlackTeam "Scotland"]
[WhiteTeamCountry "BEL"]
[BlackTeamCountry "SCO"]
[TimeControl "40/5400+30:1800+30"]

1. e4 e5 2. Nf3 Nc6 3. Bb5 Bc5 4. O-O Nd4 5. Nxd4 Bxd4 6. c3 Bb6 7. d4 c6 8. Ba4 d6 9. Na3 Nf6 10. Qd3 {C64: Ruy Lopez: Classical Defence (3...Bc5) except 4 0-0 Nf6} (10. Bc2 Be6 11. h3 h6 12. Be3 O-O 13. dxe5 dxe5 14. Qf3 Bxe3 15. Qxe3 Qb6 16. Qxb6 axb6 17. Rfe1 Rfd8 18. Bb3 Bxb3 19. axb3 {½-½ (61) Perez Ponsa,F (2585)-Vallejo Pons,F (2711) Doha 2016}) 10... O-O 11. Bg5 h6 12. Bh4 Qe7 13. Rae1 $146 ({Predecessor:} 13. Bc2 g5 14. Bg3 exd4 15. cxd4 Qxe4 {1-0 (15) Kujawski,A (2296)-Tustanowski,R (2211) Jastrzebia Gora 2016}) 13... g5 14. Bg3 Nh5 15. Nc4 Nf4 16. Bxf4 gxf4 17. Kh1 Bc7 18. Bd1 Kh8 19. g3 Qf6 20. gxf4 Qxf4 21. Qg3 Qg5 22. Ne3 f5 $14 23. Qxg5 hxg5 24. exf5 Bxf5 25. dxe5 dxe5 26. Nxf5 Rxf5 27. Bg4 Rf4 28. f3 Raf8 29. Kg2 e4 30. Rxe4 Rxe4 1/2-1/2

[Event "ESTCC U50 2018"]
[Site "Walbrzych"]
[Date "2018.04.14"]
[Round "1"]
[White "Strzelecki, Jerzy"]
[Black "Bellia, Fabrizio"]
[Result "0-1"]
[WhiteElo "2038"]
[BlackElo "2443"]
[Annotator "TA"]
[PlyCount "144"]
[EventDate "2018.??.??"]
[EventCountry "POL"]
[SourceTitle "playchess.com"]
[Source "ChessBase"]
[SourceQuality "1"]
[WhiteTeam "Poland"]
[BlackTeam "Italy"]
[WhiteTeamCountry "POL"]
[BlackTeamCountry "ITA"]

{[%evp 15,144,-10,-10,-35,0,-13,0,-6,0,0,14,0,17,0,0,0,0,0,0,0,0,0,0,-20,0,0,31,31,78,0,0,0,0,0,26,0,0,0,4,0,14,0,0,-7,-7,-6,0,0,0,0,0,0,0,0,0,-42,-29,-47,-34,-41,-50,-33,-10,-5,-2,-14,0,0,42,35,35,5,86,24,24,0,0,-79,-79,-79,-79,-81,-81,-81,-81,-81,-81,-81,-81,-86,-81,-81,-8,-8,0,0,0,0,0,0,0,0,0,0,0,0,0,0,0,-193,-193,-179,-181,-193,-186,-179,-146,-72,-70,-164,-164,-164,-164,-160,-154,-12799,-12799,-12799,-8160,-29986,-29987]} 1. c4 e5 2. d3 Nf6 3. Nf3 Nc6 4. e3 g6 5. Nc3 Bg7 6. Be2 O-O 7. O-O d5 8. cxd5 Nxd5 {LiveBook: 10 Games} 9. Qc2 {A28: English Opening: Four Knights Variation} Ndb4 $146 (9... Ncb4 $5 {[%cal Rb4c2]} 10. Qb1 b6 $11) ({Predecessor:} 9... Ncb4 10. Qd2 c5 11. d4 exd4 12. exd4 cxd4 13. Nxd5 Nxd5 14. Nxd4 {½-½ (20) Kempinski,R (2619)-Bacrot,E (2725) Khanty-Mansiysk 2005}) 10. Qb1 a5 11. Rd1 {The position is equal.} Qe7 12. a3 Na6 13. Qc2 Be6 14. Rb1 Rfd8 15. b3 Qc5 16. Rd2 h6 17. h3 Qe7 18. Rd1 f5 19. Nb5 Kh7 20. Bb2 Rd7 21. d4 {[%cal Rf3e5]} Bd5 22. Rbc1 (22. Nxe5 $16 Nxe5 23. dxe5) 22... Be4 23. Qc4 exd4 24. Nbxd4 Nxd4 25. exd4 c6 26. Ne5 Rd6 (26... Bd5 {seems wilder.} 27. Qc3 Bxe5 28. dxe5 Nc7 29. Rc2 Ne6) 27. Bd3 (27. Re1 {is more complex.} Nc7 28. Bf3 Bxf3 29. Nxf3 Qd7 30. a4) 27... Bxd3 28. Rxd3 Nc7 29. Rdd1 Nd5 30. Re1 {[%cal Re5c6]} Re6 31. Nf3 Re8 32. Rxe6 Qxe6 33. Re1 Qd7 34. Rxe8 Qxe8 35. Qc2 Qe7 36. Bc1 Qe4 37. Qxe4 fxe4 $15 {[%mdl 4096] Endgame KBN-KBN} 38. Ne5 {[#]} c5 $1 {[%mdl 512]} 39. Nc4 $1 (39. dxc5 Bxe5) 39... cxd4 40. Nxa5 b5 {...d3 is the strong threat.} 41. Kf1 d3 {And now ...Bc3 would win.} 42. Nb7 Nc3 43. Ke1 (43. Bd2 $5 {[%cal Rd2c3]}) 43... Kg8 {[#]} (43... Bd4 $11 {keeps the balance.}) 44. Bd2 (44. Bb2 $1 $16) 44... Kf7 $11 45. Nc5 Bd4 46. Bxc3 (46. b4 $11 {remains equal.}) 46... Bxc5 {KB-KB} 47. a4 bxa4 48. bxa4 Ke6 49. a5 Kd5 50. Bd2 h5 51. Kf1 Kc4 52. g4 hxg4 53. hxg4 Kb3 (53... Bd4 $17 {Black wants to play ...Kb5.} 54. Ke1 Kb5) 54. a6 $1 Kc2 55. Ke1 Bb6 (55... g5 $5) 56. Bb4 Kb3 (56... g5 $5) 57. Bd2 Ba7 58. Kf1 ({Don't blunder} 58. Be3 $2 Bxe3 59. fxe3 Kc2 $19) 58... Kc2 59. Ke1 Bc5 60. Ba5 Kb3 {Strongly threatening ...Kc4.} 61. Bd2 Bb6 62. Kf1 $2 ({Not} 62. Be3 $2 Bxe3 63. fxe3 Kc2 $19) (62. Bf4 $11 {and White is okay.}) 62... Kc4 $19 63. Be3 Bxe3 64. fxe3 {[#] Threatens to win with a7. K3P-K3P} Kc3 $1 {( -> ...d2)} 65. a7 d2 66. Ke2 Kc2 67. a8=Q (67. Kf2 $15 d1=Q 68. a8=Q Qf3+ 69. Kg1) 67... d1=Q+ 68. Kf2 Qf3+ $1 ({And not} 68... Qxg4 69. Qc6+ Kd3 70. Qd5+ Kc3 71. Qd4+ Kc2 72. Qc5+ Kb3 73. Qb6+ Kc2 74. Qc5+ Kb3 75. Qd5+ Kc2 76. Qc5+ $11) 69. Kg1 Qxg4+ 70. Kh2 $2 (70. Kf2 $17) 70... Kd2 71. Qd5+ Ke1 72. Qa2 Qe2+ {Precision: White = 53%, Black = 50%.} 0-1

[Event "ESTCC U50 2018"]
[Site "Walbrzych"]
[Date "2018.04.14"]
[Round "1"]
[White "Reuben, Stewart"]
[Black "Telenius, Kimmo"]
[Result "1-0"]
[WhiteElo "2026"]
[BlackElo "1603"]
[Annotator "NA"]
[PlyCount "59"]
[EventDate "2018.??.??"]
[EventCountry "POL"]
[SourceTitle "playchess.com"]
[Source "ChessBase"]
[SourceQuality "1"]
[WhiteTeam "ENG"]
[BlackTeam "FIN"]
[WhiteTeamCountry "ENG"]
[BlackTeamCountry "FIN"]
[TimeControl "40/5400+30:1800+30"]

1. c4 {[%emt 0:00:00]} d6 {[%emt 0:01:19]} 2. Nc3 {[%emt 0:00:00]} Nf6 {[%emt 0:00:22]} 3. g3 {[%emt 0:00:26]} g6 {[%emt 0:00:57]} 4. Bg2 {[%emt 0:00:10]} Bg7 {[%emt 0:00:32]} 5. d4 {[%emt 0:00:27]} c6 {[%emt 0:01:08]} 6. e4 {[%emt 0:00:51]} O-O {[%emt 0:01:23]} 7. Nge2 {[%emt 0:00:11]} a5 {[%emt 0:01:34]} 8. O-O {[%emt 0:00:31]} Na6 {[%emt 0:01:32]} 9. h3 {[%emt 0:02:09]} Qc7 {[%emt 0:04:46]} 10. Be3 {[%emt 0:00:39]} Bd7 {[%emt 0:01:04]} 11. Qd2 {[%emt 0:00:40]} Qc8 {[%emt 0:01:41]} 12. Kh2 {[%emt 0:00:40]} Rd8 {[%emt 0:02:42]} 13. Rac1 {[%emt 0:05:19]} Ne8 {[%emt 0:03:53]} 14. f4 {[%emt 0:05:46]} f5 {[%emt 0:03:13]} 15. e5 {[%emt 0:04:41]} Kh8 {[%emt 0:03:26]} 16. e6 {[%emt 0:29:09]} Bxe6 {[%emt 0:03:46]} 17. Na4 {[%emt 0:00:15]} d5 {[%emt 0:10:02]} 18. Nb6 {[%emt 0:03:40]} Qc7 {[%emt 0:00:46]} 19. Nxa8 {[%emt 0:00:14]} Rxa8 {[%emt 0:00:09]} 20. cxd5 {[%emt 0:00:35]} Bd7 {[%emt 0:02:34]} 21. dxc6 {[%emt 0:00:54]} bxc6 {[%emt 0:01:47]} 22. d5 {[%emt 0:03:59]} Rb8 {[%emt 0:02:59]} 23. dxc6 {[%emt 0:00:58]} Be6 {[%emt 0:02:42]} 24. b3 {[%emt 0:17:00]} Nd6 {[%emt 0:07:34]} 25. Bd4 {[%emt 0:04:28]} Nb5 {[%emt 0:01:54]} 26. Bxg7+ {[%emt 0:00:40]} Kxg7 {[%emt 0:00:10]} 27. Nd4 {[%emt 0:00:49]} Bc8 {[%emt 0:05:08]} 28. Nxb5 {[%emt 0:04:32]} Rxb5 {[%emt 0:00:29]} 29. Rfe1 {[%emt 0:03:36]} Nb8 {[%emt 0:06:43]} 30. Qe2 {[%emt 0:01:10]} 1-0

[Event "ESTCC U50 2018"]
[Site "Walbrzych"]
[Date "2018.04.14"]
[Round "1"]
[White "Roth, Martin"]
[Black "Kierzek, Mira"]
[Result "0-1"]
[WhiteElo "2008"]
[BlackElo "2011"]
[Annotator "NA RC"]
[PlyCount "58"]
[EventDate "2018.??.??"]
[EventCountry "POL"]
[SourceTitle "playchess.com"]
[Source "ChessBase"]
[SourceQuality "1"]
[WhiteTeam "SUI"]
[BlackTeam "GER"]
[WhiteTeamCountry "GER"]
[BlackTeamCountry "GER"]
[TimeControl "40/5400+30:1800+30"]

1. e4 c5 2. Nf3 Nc6 3. d4 cxd4 4. c3 dxc3 5. Nxc3 a6 6. Bc4 e6 7. O-O Qc7 8. Qe2 Bd6 9. Rd1 {B21: Sicilian: 2 f4 and Morra Gambit} (9. Re1 b5 10. Bb3 Nge7 11. e5 Bb4 12. Bd2 d5 13. exd6 Bxd6 14. Ne4 Bb7 15. Nfg5 Nd8 16. Rac1 Qb8 17. Nxd6+ Qxd6 {1-0 (42) Ohtake,S (2546)-Solari,A (2493) ICCF email 2007}) 9... Ne5 10. Nxe5 Bxe5 11. g3 b5 12. Bb3 Ne7 13. Be3 O-O $146 ({Predecessor:} 13... Bb7 14. Rac1 Qa5 15. f4 Bxc3 16. Rxc3 Bc6 {½-½ (24) Inksetter,M (1555)-Laszlo,R (1773) Ottawa 2005}) 14. Rac1 Nc6 15. Nd5 exd5 16. exd5 Bb7 17. dxc6 dxc6 18. Bc5 Rfe8 19. Re1 h6 20. Rcd1 g6 21. Qg4 Bg7 $18 22. Qxg6 Re6 23. Bxe6 fxe6 24. Qxe6+ Kh8 25. Rd7 Qc8 26. Qe7 Qg8 27. Rxb7 Bxb2 28. Qh4 Bg7 29. Bd4 Qd8 0-1